Guess the plane - Statistics

General Stats
  • This quiz has been taken 51 times
  • The average score is 13 of 16
Answer Stats
Picture Hint Answer % Correct
747-8
100%
a340
95%
a380-800
95%
A320neo
90%
a330
90%
737-800
85%
777
85%
DC-10 / MD-10
80%
727
75%
A220
75%
A310
75%
a350
75%
supersonic passenger plane concorde
75%
usually private cessna 172
65%
737 max 8
55%
787-10
55%
No matching quizzes found
Score Distribution
Percent of People with Each Score
Percentile by Number Answered
Your Score History
You have not taken this quiz